| 000 | 00517nam a22001937a 4500 | ||
|---|---|---|---|
| 003 | OSt | ||
| 005 | 20230930093856.0 | ||
| 008 | 160526b xxu||||| |||| 00| 0 eng d | ||
| 020 | _a0333714253 | ||
| 040 | _c040a | ||
| 082 | _aQW4 G72a 2000 | ||
| 100 |
_aGould, Dinah; Brooker, Christine _95632 |
||
| 245 | _aApplied Microbiology for Nurses | ||
| 260 |
_aHampshire _bMacmillan press _c2000 |
||
| 300 |
_axvii, 333p, _bill : _c12 cm. |
||
| 504 | _aIncludes index | ||
| 650 |
_aMicrobiology _9749 |
||
| 942 |
_2ddc _cSLOAN |
||
| 999 |
_c4180 _d4180 |
||